Antología de las Cortes de 1820 / (Record no. 24374)

MARC details
000 -LEADER
campo de control de longitud fija 00728nam a2200193 i 4500
001 - NÚMERO DE CONTROL
campo de control 24374
003 - IDENTIFICADOR DE NÚMERO DE CONTROL
campo de control ES-MaACL
005 - FECHA Y HORA DE LA ÚLTIMA TRANSACCIÓN
campo de control 20250603164429.0
007 - CAMPO FIJO DE DESCRIPCIÓN FÍSICA--INFORMACIÓN GENERAL
campo de control de longitud fija t|
008 - DATOS DE LONGITUD FIJA--INFORMACIÓN GENERAL
campo de control de longitud fija 021217s1910 sp ||||1| spa d
245 00 - MENCIÓN DEL TÍTULO
Título Antología de las Cortes de 1820 /
Mención de responsabilidad, etc. arreglada por Cristóbal de Castro, según encargo del Excmo. Sr. Presidente del Congreso de los Diputados.
260 ## - PUBLICACIÓN, DISTRIBUCIÓN, ETC.
Lugar de publicación, distribución, etc. Madrid :
Nombre del editor, distribuidor, etc. [s.n.],
Fecha de publicación, distribución, etc. 1910 (
Fabricante Tip. S.A. García)
300 ## - DESCRIPCIÓN FÍSICA
Extensión XXIII, 572 p. ;
Dimensiones 26 cm.
500 ## - NOTA GENERAL
Nota general Precede al tít.: Congreso de los Diputados.
651 #7 - PUNTO DE ACCESO ADICIONAL DE MATERIA--NOMBRE GEOGRÁFICO
Nombre geográfico España-
Subdivisión general Historia-
Subdivisión cronológica 1820-1823, Trienio constitucional
Fuente del encabezamiento o término
9 (RLIN) 145382
700 1# - ENTRADA AGREGADA--NOMBRE PERSONAL
Nombre de persona Castro, Cristóbal de,
Fechas asociadas al nombre 1874-1953
9 (RLIN) 36843
852 ## - LOCALIZACIÓN
Ubicación ES-MaACL
Número de control de estantería F-30
Holdings
Estatus retirado Estado de pérdida Estado de daño No para préstamo Biblioteca de origen Biblioteca actual Ubicación en estantería Fecha de adquisición Fuente de adquisición Total de préstamos Signatura topográfica completa Código de barras Visto por última vez Precio de reemplazo Tipo de ítem Koha
        Biblioteca del Ateneo de Madrid Biblioteca del Ateneo de Madrid Depósito 2 17/01/2008     F-30 1025132 23/02/2023 23/02/2023 Libro impreso